Online
Catalog

Amphion / (Record no. 18084)

MARC details
000 -CABECERA
campo de control de longitud fija 00652cam a2200217 a 4500
001 - NÚMERO DE CONTROL
campo de control 000018564
005 - FECHA Y HORA DE LA ÚLTIMA TRANSACCIÓN
campo de control 20200929165826.0
008 - DATOS DE LONGITUD FIJA--INFORMACIÓN GENERAL
campo de control de longitud fija 790627s1949 uy a 000 p spa d
040 ## - FUENTE DE LA CATALOGACIÓN
Centro catalogador/agencia de origen DO-SdBNP
Centro/agencia transcriptor DLC
Centro/agencia modificador DLC
-- BNPHU
082 ## - NÚMERO DE LA CLASIFICACIÓN DECIMAL DEWEY
Número de clasificación Ch861.44
Número de documento/Ítem C832a
049 ## - FONDOS LOCALES (OCLC)
Fondos de biblioteca BNGR
100 1# - ENTRADA PRINCIPAL--NOMBRE DE PERSONA
Nombre de persona Corvalán, Stella.
9 (RLIN) 40147
245 10 - MENCIÓN DE TÍTULO
Título Amphion /
Mención de responsabilidad, etc. Stella Corvalán.
260 ## - PUBLICACIÓN, DISTRIBUCIÓN, ETC.
Lugar de publicación, distribución, etc. Montevideo :
Nombre del editor, distribuidor, etc. [s.n.],
Fecha de publicación, distribución, etc. 1949.
300 ## - DESCRIPCIÓN FÍSICA
Extensión 78, [79-80] p. :
Otras características físicas ill. ;
Dimensiones 20 cm.
490 1# - MENCIÓN DE SERIE
Mención de serie Stella Corvalán
Designación de volumen o secuencia 34
650 #4 - PUNTO DE ACCESO ADICIONAL DE MATERIA--TÉRMINO DE MATERIA
Término de materia o nombre geográfico como elemento de entrada Poesía chilena
9 (RLIN) 9166
650 #4 - PUNTO DE ACCESO ADICIONAL DE MATERIA--TÉRMINO DE MATERIA
Término de materia o nombre geográfico como elemento de entrada Literatura chilena
Subdivisión cronológica SIGLO XX
9 (RLIN) 14677
830 #0 - PUNTO DE ACCESO ADICIONAL DE SERIE-TÍTULO UNIFORME
Título uniforme Stella Corvalán ;
Designación de volumen o secuencia 34
9 (RLIN) 40148
910 ## - DATOS DE OPCIÓN DEL USUARIO (OCLC)
Datos de opción del usuario Catalogación derivada / LC
Holdings
Estado de retiro Estado de pérdida Restricciones de uso No para préstamo Código de colección Localización permanente Ubicación/localización actual Ubicación en estantería Fecha de adquisición Número de inventario Total de préstamos Signatura topográfica completa Código de barras Fecha visto por última vez Precio válido a partir de Tipo de ítem Koha
        Monografías: Libros y Folletos General General En catalogación 11.05.2010 LF1   Ch861.44 C832a 18564-10 25.06.2020 25.06.2020 Préstamo en sala

Powered by Koha